[Event "POL-chT 2nd League"]
[Site "Jastrzebia Gora"]
[Date "2023.09.09"]
[Round "8.132"]
[White "Szelag, Zuzanna"]
[Black "Szymura, Oliwia"]
[Result "1-0"]
[WhiteElo "1783"]
[BlackElo "1176"]
[PlyCount "65"]
[EventDate "2023.09.02"]
[EventType "team-swiss"]
[EventRounds "9"]
[EventCountry "POL"]
[SourceTitle "EXT 2024"]
[Source "ChessBase"]
[SourceDate "2023.10.10"]
[SourceVersion "1"]
[SourceVersionDate "2023.10.10"]
[SourceQuality "1"]
[WhiteTeam "Rzeszow RzKSz"]
[BlackTeam "Marklowice Hetman"]
[WhiteTeamCountry "POL"]
[BlackTeamCountry "POL"]

1. e4 e6 2. d4 d5 3. e5 c5 4. c3 Nc6 5. Nf3 f6 6. Bd3 cxd4 7. cxd4 Qb6 8. 0-0 Nge7 9. Nc3 f5 10. a3 a6 11. b4 Nxd4 12. Nxd4 Bd7 13. Be3 f4 14. Bxf4 g5 15. Bxg5 0-0-0 16. Be3 Qc7 17. Rc1 Qxe5 18. Nxd5+ Nc6 19. Nb6+ Kb8 20. Nxd7+ Rxd7 21. Rxc6 Rxd4 22. Bxd4 Qxd4 23. Rxe6 Bd6 24. Bf5 Qf4 25. Qxd6+ Qxd6 26. Rxd6 Rf8 27. Bxh7 Rf7 28. Bg6 Rc7 29. h4 Ka7 30. Rfd1 Rc3 31. Rd7 Rxa3 32. Be4 Kb6 33. Rxb7# 1-0

[Event "POL-chT 2nd League"]
[Site "Jastrzebia Gora"]
[Date "2023.09.08"]
[Round "7.132"]
[White "Szymura, Oliwia"]
[Black "Dziopa, Malgorzata"]
[Result "1/2-1/2"]
[WhiteElo "1176"]
[BlackElo "1727"]
[PlyCount "31"]
[EventDate "2023.09.02"]
[EventType "team-swiss"]
[EventRounds "9"]
[EventCountry "POL"]
[SourceTitle "EXT 2024"]
[Source "ChessBase"]
[SourceDate "2023.10.10"]
[SourceVersion "1"]
[SourceVersionDate "2023.10.10"]
[SourceQuality "1"]
[WhiteTeam "Marklowice Hetman"]
[BlackTeam "Lubsko Caissa"]
[WhiteTeamCountry "POL"]
[BlackTeamCountry "POL"]

1. e4 e5 2. Nf3 Nf6 3. Nc3 Nc6 4. Bc4 Nxe4 5. Nxe4 d5 6. Bd3 dxe4 7. Bxe4 Bd6 8. c3 0-0 9. 0-0 Ne7 10. d4 f5 11. Qb3+ Kh8 12. Bc2 Ng6 13. Bg5 Qe8 14. dxe5 Nxe5 15. Nxe5 Qxe5 16. f4 1/2-1/2

[Event "POL-chT 2nd League"]
[Site "Jastrzebia Gora"]
[Date "2023.09.07"]
[Round "6.120"]
[White "Woznica, Alicja1111"]
[Black "Szymura, Oliwia"]
[Result "1-0"]
[WhiteElo "1429"]
[BlackElo "1176"]
[PlyCount "123"]
[EventDate "2023.09.02"]
[EventType "team-swiss"]
[EventRounds "9"]
[EventCountry "POL"]
[SourceTitle "EXT 2024"]
[Source "ChessBase"]
[SourceDate "2023.10.10"]
[SourceVersion "1"]
[SourceVersionDate "2023.10.10"]
[SourceQuality "1"]
[WhiteTeam "Olesnica Pogon"]
[BlackTeam "Marklowice Hetman"]
[WhiteTeamCountry "POL"]
[BlackTeamCountry "POL"]

1. d4 Nf6 2. Nf3 e6 3. Bf4 c5 4. c3 d5 5. e3 Nc6 6. Nbd2 Bd6 7. Bg3 0-0 8. Bd3 Qe7 9. Ne5 Nd7 10. Nxd7 Qxd7 11. 0-0 b6 12. f4 c4 13. Bc2 f6 14. Nf3 b5 15. Qb1 f5 16. Ne5 Bxe5 17. fxe5 Bb7 18. Bf4 h6 19. Qd1 a5 20. g4 g5 21. Bg3 Ne7 22. h4 Qe8 23. hxg5 hxg5 24. Kg2 b4 25. Rh1 Qf7 26. Rh5 Qg7 27. Qf3 Bc6 28. Rah1 Be8 29. Rh6 Bg6 30. Be1 fxg4 31. Qxg4 Nf5 32. Bxf5 Bxf5 33. Qh5 Be4+ 34. Kg1 Bxh1 35. Rg6 Qxg6 36. Qxg6+ Kh8 37. Qh6+ Kg8 38. Qxh1 Kf7 39. Qh7+ Ke8 40. Qb7 Rd8 41. Kg2 Rd7 42. Qa8+ Kf7 43. Qxa5 Kg6 44. Qxb4 Rff7 45. Qb8 Rb7 46. Qg8+ Kf5 47. b4 cxb3 48. axb3 Rg7 49. Qf8+ Rgf7 50. Qa3 Ke4 51. Bf2 g4 52. Qb2 Kf5 53. Bh4 Kg6 54. Bf6 Rxf6 55. exf6 Kxf6 56. Qa3 Rf7 57. Qd6 Rg7 58. b4 Rg6 59. Qf8+ Kg5 60. Qf4+ Kh4 61. b5 Rg8 62. Qh6# 1-0

[Event "POL-chT 2nd League"]
[Site "Jastrzebia Gora"]
[Date "2023.09.06"]
[Round "5.120"]
[White "Lukasiewicz, Anna"]
[Black "Szymura, Oliwia"]
[Result "1-0"]
[WhiteElo "1805"]
[BlackElo "1176"]
[PlyCount "89"]
[EventDate "2023.09.02"]
[EventType "team-swiss"]
[EventRounds "9"]
[EventCountry "POL"]
[SourceTitle "EXT 2024"]
[Source "ChessBase"]
[SourceDate "2023.10.10"]
[SourceVersion "1"]
[SourceVersionDate "2023.10.10"]
[SourceQuality "1"]
[WhiteTeam "Bydgoszcz Royal Chess"]
[BlackTeam "Marklowice Hetman"]
[WhiteTeamCountry "POL"]
[BlackTeamCountry "POL"]

1. e4 c5 2. Nf3 Nc6 3. d4 cxd4 4. Nxd4 g6 5. c4 Bg7 6. Be3 Nf6 7. Nc3 d6 8. Be2 Bd7 9. Qd2 Qa5 10. f3 a6 11. 0-0 0-0 12. Nxc6 bxc6 13. c5 dxc5 14. e5 Nd5 15. Nxd5 Qxd2 16. Nxe7+ Kh8 17. Bxd2 Bxe5 18. Bc3 Bxc3 19. bxc3 Rfe8 20. Nxg6+ hxg6 21. Kf2 a5 22. Rfd1 Rad8 23. Bc4 Kg7 24. Rab1 Be6 25. Rxd8 Rxd8 26. Bxe6 fxe6 27. Ke2 c4 28. Rd1 Rd5 29. Rd4 Rxd4 30. cxd4 Kf6 31. Ke3 e5 32. h4 c3 33. dxe5+ Kxe5 34. g4 c2 35. f4+ Kd5 36. Kd2 c1Q+ 37. Kxc1 Kc4 38. h5 gxh5 39. gxh5 Kb4 40. h6 Ka3 41. Kb1 c5 42. h7 c4 43. h8Q c3 44. Qxc3+ Ka4 45. Qb3# 1-0

[Event "POL-chT 2nd League"]
[Site "Jastrzebia Gora"]
[Date "2023.09.04"]
[Round "3.54"]
[White "Zdziarska, Lidia"]
[Black "Szymura, Oliwia"]
[Result "1-0"]
[WhiteElo "1806"]
[BlackElo "1176"]
[PlyCount "43"]
[EventDate "2023.09.02"]
[EventType "team-swiss"]
[EventRounds "9"]
[EventCountry "POL"]
[SourceTitle "EXT 2024"]
[Source "ChessBase"]
[SourceDate "2023.10.10"]
[SourceVersion "1"]
[SourceVersionDate "2023.10.10"]
[SourceQuality "1"]
[WhiteTeam "Wisznia Mala Bialy Krol"]
[BlackTeam "Marklowice Hetman"]
[WhiteTeamCountry "POL"]
[BlackTeamCountry "POL"]

1. e4 e5 2. Nf3 Nc6 3. Bc4 Bc5 4. c3 d6 5. h3 Nf6 6. d3 h6 7. 0-0 0-0 8. Re1 Bb6 9. Bb3 Re8 10. Nbd2 d5 11. exd5 Nxd5 12. Nc4 f6 13. d4 e4 14. Nfd2 f5 15. Qh5 Kh8 16. Nxb6 Nxb6 17. Nxe4 Be6 18. Bxh6 Kg8 19. Qg6 Qe7 20. Bxe6+ Kf8 21. Qxf5+ Qf6 22. Qxf6# 1-0